00456nam a22001577a 450000500170000001000140001702000260003103700130005708200090007010000220007924500370010126000550013827000790019330000200027276000060029220260228141757.0 aBACCHEN26 a9789357317900c399.00 bHachette aS21 aViswanathan Anand aLighting Kid/cViswanathan Anand aGurugrambHachette Book Publishing Pvt. Ltd.c2026 a4th&5th Floors, Corporate Centre Plot No. 94, Sector 44,bGurugrame122003 a237p.c20cm(Pb) b1